000 00465nam a22001457a 4500
008 190513b xxu||||| |||| 00| 0 eng d
020 _a9781416061069
050 _aR 728.8
_b.F87 2009
100 _aFuqua, Tracie.
245 _aMedical assisting PDQ /
_cTracie Fuqua, Jon H. Zonderman.
260 _aEdinburgh :
_bElsevier Saunders,
_c2009.
300 _a iv, 222 p. :
_bill. ;
_c14 cm.
650 _aMedical assistants
_vHandbooks, manuals,
942 _2lcc
_cBK
999 _c54178
_d54178